| 000 | 00397nam a2200157Ia 4500 | ||
|---|---|---|---|
| 003 | Ost | ||
| 005 | 20260225132559.0 | ||
| 008 | 260225s9999||||xx |||||||||||||| ||und|| | ||
| 040 | _cfsic | ||
| 041 | _afre | ||
| 082 | _a809 | ||
| 100 |
_aJuan Archibaldo Lanus _eAuteur |
||
| 245 | 0 | _aUn Monde sans rivage : | |
| 245 | 0 |
_bétat , nation et globalisation / _cJuan Archibaldo Lanus |
|
| 942 | _cكتاب | ||
| 999 |
_c34654 _d34654 |
||